000 00541nam a2200217Ia 4500
003 OSt
005 20220928140013.0
006 a|||||r|||| 00| 0
007 ta
008 220927b |||||||| |||| 00| 0 eng d
024 _a6026
037 _cTextual
040 _aSDCL
_cSDCL
_beng
041 _2eng
_aeng
082 _aB217, N2
100 _aSkordev Dimiter G
_9493548
245 0 _aComputability in combinatory spaces
260 _c1992
942 _hB217, N2
_cTEXL
_2CC
999 _c809382
_d809382